• 首页
  • 本馆介绍
  • 公告通知
  • 最新文献
  • 馆藏检索
  • 电子资源
  • 读者导购
  • 参考咨询
  • 我的图书馆
  • 登录
  • 详细信息显示
  • 放入我的书架
  • 预约/预借图书
  • 作者相关作品
  • 分类相关作品
  • 丛书相关作品
  • 出版社相关作品

书目信息

  • 表格格式
  • 工作单格式
  • 卡片格式
题名:
比较商品经济学
    
 
作者: 萧德周 主编
分册:  
出版信息: 北京   北京大学出版社  1989
页数: 517页
开本: 20cm
丛书名:
单 册:
中图分类: F014.3
科图分类:
主题词: 商品经济--经济学
电子资源:
ISBN: 7-301-00576-8
000 00557nam0 2200193 450
001 0741080770
005 20070730152600.15
010    @a7-301-00576-8@dCNY6.70
100    @a20070728d1989 km y0chiy0120 ea
101 0  @achi
102    @aCN@b110000
200 1  @a比较商品经济学@Abi jiao shang pin jing ji xue@f萧德周主编@Fxiao de zhou zhu bian
210    @a北京@c北京大学出版社@d1989
215    @a517页@d20cm
606 0  @a商品经济@x经济学
690    @aF014.3@v3
701  0 @a萧德周@Axiao de zhou@4主编
801  0 @aCN@bPFT@c20070730
905    @a10447@dF014.3@e355
    
    比较商品经济学/萧德周主编.-北京:北京大学出版社,1989
    517页;20cm
    
    
    ISBN 7-301-00576-8:CNY6.70
    
●
相关链接 在E读中查询图书 在五车中查询图书 在当当中查询图书 在豆瓣中查询图书


正题名:比较商品经济学     索取号:F014.3/355         预约/预借

序号 登录号 条形码 馆藏地/架位号 状态 备注
1 0785890   207858905   第一样本阅览室/ [索取号:F014.3/355] 在馆    
唐山师范学院图书馆 欢迎您!
大连网信软件有限公司© 版权所有